| 000 | 02342nam a2200445 c 4500 | ||
|---|---|---|---|
| 003 | BLK | ||
| 005 | 20180420235134.0 | ||
| 008 | 180411b bul|||||r ||||||| ||bul|| | ||
| 010 | _aKNG00176149000 | ||
| 020 |
_a978-954-27-1429-3 _bиздат.: Егмонт България |
||
| 040 | _aBLK | ||
| 041 |
_aBUL _cBUL |
||
| 072 | 7 |
_2bullib _aН91 _xГеография Н |
|
| 080 |
_aГеография на Швейцария _b913(494) _x(036) _z913(494)(036) |
||
| 080 |
_aСоциография. Социално положение. Условия на политическия и социалния живот. Социално и социално-икономическо положение на отделните страни, народи, раси. Социална география. (Общи въпроси) _b308 _x(494)(036) _z308(494)(036) |
||
| 080 |
_aЗабавно пътуване. Туризъм - пътуване пеша, с кола, колело, автобус, влак, параход, самолет, изкачване на планина, ездене и др. п. _b379.85 _x(494)(036) _z379.85(494)(036) |
||
| 100 | 1 |
_aФишер, Тереза _eпърви автор _9337780 |
|
| 139 |
_aФишер, Тереза _bФ 59 |
||
| 245 | 1 | 0 |
_aШвейцария _bПътеводител _cТереза Фишер. |
| 257 | _aGBR | ||
| 260 |
_аСофия _bЕгмонт България _c2015 _fСофия : Лито Балкан |
||
| 300 |
_a319 с. _bс ил., к., сх. _c22 см |
||
| 380 | _a91 | ||
| 490 | 1 | _aNational Geographic пътеводител | |
| 500 | _aБез сведение за ориг. загл. - Авт. не е отбелязана на кор. - Показалец. - За автора. | ||
| 650 | 4 |
_aШвейцария - пътеводители _9337781 |
|
| 650 | 4 |
_aТуризъм - Швейцария - пътеводители _9337782 |
|
| 651 | 4 |
_aШвейцария _9179801 |
|
| 653 | _aШвейцария | ||
| 653 | _aтуризъм | ||
| 653 | _aистория | ||
| 653 | _aкултура | ||
| 653 | _aприродни забележителности | ||
| 659 | _aН | ||
| 852 | _aЦб 274488 | ||
| 856 | 4 |
_qpdf _u |
|
| 856 | 4 |
_qpdf _u |
|
| 942 |
_cKNG _n0 |
||
| 944 |
_aCR _c02.06.2015 _lф / _kВиолета_Тройчева |
||
| 944 |
_aED _c22.01.2016 _lф / _kЛюдмила_Стоянова |
||
| 999 |
_c168267 _d168267 |
||